|
|
|
|
| LEADER |
01123cam a2200289 7i4500 |
| 001 |
0000059731 |
| 005 |
20210728090000.0 |
| 020 |
|
|
|a 9781439803073
|
| 020 |
|
|
|a 9781439803080 (electronic book)
|
| 090 |
0 |
0 |
|a S591
|b .H880 2012
|
| 245 |
0 |
0 |
|a Handbook of soil sciences :
|b resource management and environmental impacts
|c edited by Pan Ming Huang, Yuncong Li, Malcolm E. Sumner.
|
| 250 |
|
|
|a Second edition.
|
| 264 |
|
|
|a Boca Raton, FL:
|b CRC Press.
|
| 300 |
|
|
|a 1 online resource (1 v. (various pagings)):
|b illustrations, text file, PDF.
|
| 336 |
|
|
|a text
|2 rdacontent
|
| 337 |
|
|
|a computer
|2 rdamedia
|
| 338 |
|
|
|a online resource
|2 rdacarrier
|
| 650 |
|
0 |
|a Soil science
|
| 650 |
|
0 |
|a Soils --
|x Environmental aspects
|
| 655 |
|
0 |
|a Electronic books
|
| 700 |
1 |
|
|a Li, Yuncong
|
| 700 |
1 |
|
|a Huang, P. M.
|
| 700 |
1 |
|
|a Sumner, M. E.
|
| 856 |
4 |
2 |
|u http://library.unisel.edu.my/web/guest/mylibrary
|
| 997 |
|
|
|a Engineering & Life Sciences, Faculty
|b Science & Biotechnology, Department
|
| 998 |
|
|
|a Environmental Science (Biodiversity & Conservation), Degree
|
| 999 |
|
|
|a EBO0005969
|b EBOOK
|c EBOOK
|e Electronic resources
|